000
00298nam a22001337a 4500
008
170809b xxu||||| |||| 00| 0 eng d
020
_a
c90-06829
041
_a
eng
080
_a
004
100
_a
35
101
_a
SHKI
245
_a
64525C MICROSOFT OFFICIAL COURSE
_c
MICROSOFT
942
_2
udc
_c
BK
999
_c
22972
_d
22972